000
00251nam a22001097a 4500
082
_a
621.389324 LLO'A
100
_a
LLOYD, J. M
_9
56625
245
_a
THE ALL IN ONE TAPE RECORDER BOOK
260
_a
LONDON
_b
FOCAL
_c
1965
300
_a
212P
942
_c
BK
999
_c
567000
_d
567000